000 00743nam a22001817a 4500
999 _c12495
_d12495
003 AR-CdUCM
008 190409b ||||| |||| 00| 0 spa d
040 _aMUNICIPALIDAD PROVINCIAL DEL CUSCO
_cBIBLIOTECA MUNICIPAL DEL CUSCO
082 _a105 /
_bP42 / 1951
245 _aEnciclica de S.S Pio XII :
_bHumani Generis /
260 _aMadrid :
_c1951.
300 _a655 paginas ;
_c23 cm.
505 _aContenido :SS.D.N.Papae XII Litterae Encyclicae Humani Generis --Contenido y significado de le Enciclia Humani Generis -- El filosofo cristiano en su ser y actitud, en su impulso y consistencia, por Joaquin Iriarte S.J ...
650 _aFilosofia
_9395
650 _aCosmologia
_913090
942 _2ddc
_cLIBROS
945 _arjall
_d2018-04-09